000 00628nam a2200217Ia 4500
003 GCL
008 140319s9999 xx 000 0 ara d
040 _aGCL /
_cGCL
082 0 4 _a962.04
_bم م
100 1 _aمحمد صبرى
245 1 0 _aمصر فى افريقيا الشرقية هرر وزيلع وبربرة /
_cمحمد صبرى
260 _a[S.N] :
_bمطبعة مصر ،
_c1939
300 _a79 ص
490 _a
650 0 4 _aالعصر الحديث
650 0 4 _aمصر
650 0 4 _aالتاريخ
650 0 4 _aالتاريخ الحديث
650 0 4 _aالحضارة الحديثة
942 _2ddc
_cBK
999 _c58620
_d58620